000 00833nam a2200253Ia 4500
003 OSt
005 20221121113709.0
006 a|||||r|||| 00| 0
007 ta
008 220922b |||||||| |||| 00| 0 hin d
020 _a8170553911 (hbk)
_c225
024 _a233,859
037 _b301, 11/03/2008, Swaraj Prakashan
_cTextual
040 _aARTS
_cARTS
_bhin
041 _2hin
_ahin
082 _aP44, 152N7
100 _aबोरा, राजकमल
_9156291
245 0 _aभारत की भाषाएं
246 _aBhārat kī bhāṣhāeॅan
260 _aनई दिल्ली
_b वाणी प्रकाशन
_c1997
300 _a352पृ.
_ccm.
942 _hP44, 152N7
_cTEXL
_2CC
999 _c293848
_d293848